Team USA Basketball JO 2016 - Statistiques

Statistiques générales
  • Ce quiz a été pris 21 fois
  • Le résultat moyen est 4 sur 16
Statistiques - réponses
Postes Joueurs % Correct
Ailier Kevin Durant
94%
Ailier Carmelo Anthony
41%
Arrière Kyrie Irving
41%
Intérieur Demarcus Cousins
29%
Arrière Klay Thompson
29%
Arrière Paul George
29%
Ailier Draymond Green
24%
Arrière Jimmy Butler
18%
Intérieur Deandre Jordan
12%
Arrière Demar Derozan
12%
Ailier Harrison Barnes
12%
Arrière Kyle Lowry
12%
Coach Mike Krzyzewski
12%
Assitant Coach Monty Williams
6%
Assitant Coach Jim Boeheim
0%
Assitant Coach Tom Tibodeau
0%
Aucun quiz correspondant
Distribution des résultats
% des personnes avec chaque résultat
Percentile par nombre de réponses
Votre historique - résultats
Vous n’avez pas pris ce quiz